000
00334nam a22001457a 4500
008
221109b ||||| |||| 00| 0 eng d
020
_a
9780413772794
041
_a
eng
080
_a
7
082
_a
7
100
_a
21.1
101
_a
ART
245
_a
THE METHUEN DRAMA MONOLOGUES FOR YOUNG ACTORS
_c
LAPOTAIRE J
942
_2
udc
_c
BK
999
_c
58821
_d
58821